00658nam a22001817a 450000500170000000800410001704100080005808200220006610000200008824500460010826000520015430000090020650000250021550000150024094200070025599900190026295201950028120250409144730.0250409b |||||||| |||| 00| 0 eng d amar a891.46bSAG 22539 aSagat A9211621 aMatang ani Sanskrutik Rashtrasangh Bharat aPunebBharatiya Vichar Sadhana Prakashan c2021 a200p aMarathi Literature  aLiterature cBK c365908d365908 00102ddc4070aHIMRbHIMRd2025-03-17eBharatiya Vichar Sadhana Foundationg260.00iHO/IN/579 l0o891.46 SAG B22539pHIMR-BK-22539r2025-04-09 00:00:00t30v182.00w2025-03-11yBKzB22539